=LDR 00000nam 2200000 4500 =001 INLIS000000000015030 =005 20130612110318 =008 ***********************************Ind** =035 ##$$0010-061300000015030 =041 ##$$a Ind =082 ##$$a 639.3 =090 ##$$a 639.3, muy a =100 ##$$a Muyjiman Ahmad =245 ##$$a Udang Renik Ala Asin, Ahmad Mujiman =260 ##$$a 1989 $b Jakarta =300 ##$$a vii,149 Hlm, Ilus, 21 Cm =650 ##$$a Udang Renik =850 ##$$a NBPNMAT